| 000 | 01270cam a22003737a 4500 | ||
|---|---|---|---|
| 003 | CHAP | ||
| 005 | 20220329143027.0 | ||
| 008 | 050907d1999 us r 00110 eng d | ||
| 010 | _a90866 | ||
| 011 | _a91838 | ||
| 020 | _a0534523994 | ||
| 035 | _a102401 | ||
| 040 | _cCHAP | ||
| 082 | 0 | 4 |
_a425 _bW55 1999 |
| 100 | 0 | 0 |
_aWingersky, Joy. _9122270 |
| 245 | 1 | 0 |
_aWriting paragraphs and essays integrating reading, writing, and grammar skills _c/by Joy Wingersky, Jan Boerner and Diana Holguin-Balogh |
| 250 | _a3 ed. | ||
| 260 |
_aBelmont, CA. : _bWadsworth Publishing Company, _c1999. |
||
| 300 | _a468 p. | ||
| 590 |
_aBATCH-UPD _b10 _c20130110 _lUCH01 _h0810 |
||
| 590 |
_aBATCH-UPD _b10 _c20130111 _lUCH01 _h0003 |
||
| 590 |
_aBATCH-UPD _b10 _c20130410 _lUCH01 _h0447 |
||
| 590 |
_aBATCH-UPD _b10 _c20130914 _lUCH01 _h0648 |
||
| 590 |
_aCONVERSION _b10 _c20130109 _lUCH01 _h1350 |
||
| 650 | 1 | 4 |
_aInglés _xGramática. _958342 |
| 650 | 1 | 4 |
_aRetórica. _996195 |
| 700 | 0 |
_aBoerner, Jan. _913393 |
|
| 700 | 0 |
_aHolguin-Balogh, Diana. _955926 |
|
| 901 | _aBK | ||
| 905 | _aLilia | ||
| 942 | _cLIBRO | ||
| 949 |
_a425 W55 1999 _bBC _cLIBRO _d33724000960829 _eLIBRO _gD _h106824 _i102401 _si |
||
| 949 |
_a425 W55 1999 _bBC _cLIBRO _d33724002000040 _eLIBRO _fc.2 _gD _h108362 _i102401 _si |
||
| 999 |
_c90866 _d90866 |
||